• 首页
  • 本馆介绍
  • 公告通知
  • 最新文献
  • 馆藏检索
  • 电子资源
  • 读者导购
  • 参考咨询
  • 我的图书馆
  • 登录
  • 详细信息显示
  • 放入我的书架
  • 预约/预借图书
  • 作者相关作品
  • 分类相关作品
  • 丛书相关作品
  • 出版社相关作品

书目信息

  • 表格格式
  • 工作单格式
  • 卡片格式
题名:
压电陶瓷工艺原理及器件应用研究
    
 
作者: 冷森林 , 石维 著
分册:  
出版信息: 北京   北京工业大学出版社  2021.4
页数: 268页
开本: 26cm
丛书名:
单 册:
中图分类: TM282 , TN6
科图分类:
主题词: 压电陶瓷--研究 , 压电陶瓷器件--研究
电子资源:
ISBN: 978-7-5639-6945-6
000 00997nam0 2200265 45
001 012001002238
005 20140913151047.0
010    @a978-7-5639-6945-6@dCNY86.00
100    @a20200116d2019 em y0chiy50 ea
101 0  @achi
102    @aCN@b110000
105    @aa z 000yy
106    @ar
200 1  @a压电陶瓷工艺原理及器件应用研究@Aya dian tao ci gong yi yuan li ji qi jian ying yong yan jiu@b专著@f冷森林,石维著
210    @a北京@c北京工业大学出版社@d2021.4
215    @a268页@c图@d26cm
330    @a本书共分六章,内容包括:压电陶瓷概述、基于水声换能器的压电陶瓷工艺原理及展现、基于超声换能器的压电陶瓷工艺原理及体现、基于滤波器的压电陶瓷工艺原理及表现、基于高压发生器的压电陶瓷工艺原理及研究、基于电光器件的压电陶瓷工艺原理及展现。
606 0  @a压电陶瓷@x研究
606 0  @a压电陶瓷器件@x研究
690    @aTM282@v5
690    @aTN6@v5
701  0 @a冷森林@Aleng sen lin@4著
701  0 @a石维@Ashi wei@4著
801  0 @aCN@bBJSDL@c20211011
905    @b1338961-4@dTM282@e34@f4
    
    压电陶瓷工艺原理及器件应用研究/冷森林,石维著.-北京:北京工业大学出版社,2021.4
    268页:图;26cm
    
    
    ISBN 978-7-5639-6945-6:CNY86.00
    本书共分六章,内容包括:压电陶瓷概述、基于水声换能器的压电陶瓷工艺原理及展现、基于超声换能器的压电陶瓷工艺原理及体现、基于滤波器的压电陶瓷工艺原理及表现、基于高压发生器的压电陶瓷工艺原理及研究、基于电光器件的压电陶瓷工艺原理及展现。
●
相关链接 在E读中查询图书 在五车中查询图书 在当当中查询图书 在豆瓣中查询图书


正题名:压电陶瓷工艺原理及器件应用研究     索取号:TM282/34         预约/预借

序号 登录号 条形码 馆藏地/架位号 状态 备注
1 1338961   213389616   第二样本阅览室/ [索取号:TM282/34] 在馆    
2 1338962   213389625   第三借阅区/ [索取号:TM282/34] 在馆    
3 1338963   213389634   第三借阅区/ [索取号:TM282/34] 在馆    
4 1338964   213389643   第三借阅区/ [索取号:TM282/34] 在馆    
唐山师范学院图书馆 欢迎您!
大连网信软件有限公司© 版权所有